أبحاث ندوة رواد الحركة المكتبة في الوطن العربي و الحضارة الإسلامية / (رقم التسجيلة. 51281)

تفاصيل مارك
000 -LEADER
fixed length control field 00775nam a22001817a 4500
005 - DATE AND TIME OF LATEST TRANSACTION
control field 20251108170901.0
008 - FIXED-LENGTH DATA ELEMENTS--GENERAL INFORMATION
fixed length control field 250721s1996 xx 000 0 ara d
082 14 - DEWEY DECIMAL CLASSIFICATION NUMBER
Classification number 020.92/ندو
111 2# - MAIN ENTRY--MEETING NAME
Meeting name or jurisdiction name as entry element ندوة رواد الحركة المكتبية في الوطن العربي و الحضارة الإسلامية ( 1996 : عمان )
245 10 - TITLE STATEMENT
Title أبحاث ندوة رواد الحركة المكتبة في الوطن العربي و الحضارة الإسلامية /
264 1# - PRODUCTION, PUBLICATION, DISTRIBUTION, MANUFACTURE, AND COPYRIGHT NOTICE
Place of production, publication, distribution, manufacture عمان :
Name of producer, publisher, distributor, manufacturer جمعية المكتبات الأردنية،
Date of production, publication, distribution, manufacture, or copyright notice 1996.
650 17 - SUBJECT ADDED ENTRY--TOPICAL TERM
Topical term or geographic name as entry element المكتبات
650 17 - SUBJECT ADDED ENTRY--TOPICAL TERM
Topical term or geographic name as entry element البلدان العربية
650 17 - SUBJECT ADDED ENTRY--TOPICAL TERM
Topical term or geographic name as entry element المكتبيون
710 2# - ADDED ENTRY--CORPORATE NAME
Corporate name or jurisdiction name as entry element جمعية المكتبات الأردنية
Relator term إعداد
942 ## - ADDED ENTRY ELEMENTS (KOHA)
Source of classification or shelving scheme Dewey Decimal Classification
Koha item type كتب
المقتنيات
حالة السحب حالة الفقدان مصدر التصنيف حالة التلف غير قابل للإعارة المكتبة الرئيسية المكتبة الحالية موقع الرف تاريخ التزويد الرقم المتسلسل Total Checkouts رقم الإستدعاء تاريخ آخر ظهور تاريخ الفاتورة نوع المادة (كوها) الباركود
    Dewey Decimal Classification Unchecked   مكتبة الأميرة ايمان العامة مكتبة الأميرة ايمان العامة الإعارة 28/07/2025 9576   020.92/ندو 28/07/2025 28/07/2025 كتب  
    Dewey Decimal Classification Unchecked   مكتبة الجويدة مكتبة الجويدة الإعارة 28/07/2025 5764   020.92/ندو 28/07/2025 28/07/2025 كتب  
    Dewey Decimal Classification     مكتبة النصر العامة مكتبة النصر العامة الإعارة 24/09/2014 8440)   020.92/ندو 28/07/2025 24/09/2014 كتب PLD00307210
    Dewey Decimal Classification Unchecked   مكتبة وادي السير العامة مكتبة وادي السير العامة الإعارة 06/07/2004 6608   020.92/ندو 28/07/2025 06/07/2004 كتب  
Implemented & Customized by: BBB with SCIT (Smart Chains for Information Technology)

Powered by Koha